Statistiques concernant Culture Générale - Série 497

Cliquez ici pour prendre le quiz!

Statistiques générales

  • Ce quiz a été pris 83 fois
  • Le résultat moyen est 8 sur 10

Statistiques - réponses

QuestionRéponse% Correct
A quelle saison sont associés les rouleaux proposés dans la cuisine asiatique ?printemps
100%
Combien y a-t-il de décimètres dans un décamètre ?100
97%
Quel animal est associé aux Baskerville dans un roman de Conan Doyle ?chien
95%
En quelle année les billets et pièces en euros ont-ils été mis en circulation ?2002
90%
Comment appelle-t-on un désert de pierres ?reg
81%
A quel écrivain du 19e siècle doit-on la saga "Les Rougon-Macquart" ?Emile Zola
78%
Quel monument parisien visite-t-on grâce au "fantôme" du livre de Gaston Leroux ?L'Opéra
72%
Dans un slalom, comment appelle-t-on les espaces entre deux piquets par lesquels doivent passer les skieurs ?portes
62%
A quel pays appartiennent les îles Tuamotu ?France
56%
Qui chante "Je l'appelle Canelle" en 1967 ?Antoine
31%

Distribution des résultats

Percentile par nombre de réponses

% des personnes avec chaque résultat

Votre développement - résultats

Vous n’avez pas pris ce quiz